São Martinho do Porto (Record no. 44737)

MARC details
000 -Etiqueta do registo
Valores 00756nam a2200253 4500
010 ## - Número ISBN
ISBN 9789898760142
021 ## - Número do Depósito Legal
Número 392769/15
100 ## - Dados gerais de processamento
Dados gerais 20151029d2015 m y0pory50030103ba
101 0# - Língua de publicação
Língua por
102 ## - País de publicação
País PT
200 1# - Titulo e menção de responsabilidade
Título próprio São Martinho do Porto
Informação de outro título momentos...
Primeira menção de responsabilidade Filipa Vera Jardim, Pedro Soares de Mello
205 ## - Menção da edição
Edição 1.ª ed.
210 #9 - Publicação
Local de publicação Lsboa
Nome do editor Parsifal,
Data de publicação 2015
215 ## - Descrição física 
Paginação / Volumes [104] p.
Outras indicações físicas muito il.
Dimensões 24 cm
675 ## - CDU
Notação 821.134.3-992
675 ## - CDU
Notação 908(469.325)
Edição BN
Língua por
675 ## - CDU
Notação 77.03
Edição BN
Língua por
700 #1 - Autor principal
Apelido Jardim,
Nome Filipa Vera
701 #1 - Autor co-responsavel
Apelido Melo,
Nome Pedro Soares de
Função 070
801 #0 - Fonte de origem
País PT
Agência BN
Regras de catalogação RPC
856 41 - Localização e acesso electrónico 
URL <a href="http://rnod.bnportugal.gov.pt/ImagesBN/winlibimg.aspx?skey=&doc=1913674&img=68347&save=true">http://rnod.bnportugal.gov.pt/ImagesBN/winlibimg.aspx?skey=&doc=1913674&img=68347&save=true</a>
990 ## - Elementos KOHA
Tipo de documento Livro
Holdings
Aquisição Empréstimo Código de barras Cota Permissão de empréstimo Tipo de documento Nota relativa ao exemplar
Biblioteca Itinerante Biblioteca Itinerante 054751 821.134.3-992 JAR   Livro  
Biblioteca Municipal de Redondo Biblioteca Municipal de Redondo 054762 821.134.3-992 JAR   Livro  
Biblioteca do Centro Lúdico de Montoito Biblioteca do Centro Lúdico de Montoito 054748 821.134.3-992 JAR   Livro 82-992 JAR/SAO

Powered by Koha